Проектирование маховика исполнительного органа малого космического аппарата; Космическое приборостроение

Detaylı Bibliyografya
Parent link:Космическое приборостроение.— 2015.— [С. 57-59]
Yazar: Аюшеев М. С.
Müşterek Yazar: Национальный исследовательский Томский политехнический университет
Diğer Yazarlar: Костюченко Т. Г. Тамара Георгиевна (научный руководитель)
Özet:Заглавие с титульного экрана
Dil:Rusça
Baskı/Yayın Bilgisi: 2015
Seri Bilgileri:Системы управления космическими аппаратами
Konular:
Online Erişim:http://earchive.tpu.ru/handle/11683/64465
http://www.lib.tpu.ru/fulltext/c/2015/C22/010.pdf
Materyal Türü: Elektronik Kitap Bölümü
KOHA link:https://koha.lib.tpu.ru/cgi-bin/koha/opac-detail.pl?biblionumber=612082

MARC

LEADER 00000naa2a2200000 4500
001 612082
005 20251224153318.0
035 |a (RuTPU)RU\TPU\conf\10161 
035 |a RU\TPU\conf\10160 
090 |a 612082 
100 |a 20150513d2015 k y0rusy50 ca 
101 0 |a rus 
102 |a RU 
105 |a y z 101zy 
135 |a drcn ---uucaa 
181 0 |a i  
182 0 |a b 
200 1 |a Проектирование маховика исполнительного органа малого космического аппарата  |f М. С. Аюшеев  |g науч. рук. Т. Г. Костюченко 
203 |a Текст  |c электронный 
225 1 |a Системы управления космическими аппаратами 
300 |a Заглавие с титульного экрана 
320 |a [Библиогр.: с. 59 (3 назв.)] 
337 |a Adobe Reader 
463 0 |0 (RuTPU)RU\TPU\conf\9748  |t Космическое приборостроение  |o сборник научных трудов III Всероссийского форума школьников, студентов, аспирантов и молодых ученых с международным участием, г. Томск, 8-10 апреля 2015 г.  |f Национальный исследовательский Томский политехнический университет (ТПУ)  |v [С. 57-59]  |d 2015 
610 1 |a труды учёных ТПУ 
610 1 |a электронный ресурс 
610 1 |a маховики 
610 1 |a исполнительные органы 
610 1 |a малые космические аппараты 
700 1 |a Аюшеев  |b М. С. 
702 1 |a Костюченко  |b Т. Г.  |c специалист в области приборостроения  |c доцент Томского политехнического университета, кандидат технических наук  |f 1956-  |g Тамара Георгиевна  |4 727 
712 0 2 |a Национальный исследовательский Томский политехнический университет  |c (2009- )  |9 26305 
801 2 |a RU  |b 63413507  |c 20210212  |g RCR 
856 4 |u http://earchive.tpu.ru/handle/11683/64465 
856 4 |u http://www.lib.tpu.ru/fulltext/c/2015/C22/010.pdf 
942 |c BK